La actitud racial en República Dominicana (Record no. 9554)
[ view plain ]
| 000 -LEADER | |
|---|---|
| campo de control de longitud fija | 02441nam a22002297a 4500 |
| 001 - NÚMERO DE CONTROL | |
| campo de control | 38456 |
| 005 - FECHA Y HORA DE LA ÚLTIMA TRANSACCIÓN | |
| campo de control | 20250522045837.0 |
| 008 - DATOS DE LONGITUD FIJA--INFORMACIÓN GENERAL | |
| campo de control de longitud fija | 5232272004 dr |
| 020 ## - NÚMERO INTERNACIONAL ESTÁNDAR DEL LIBRO | |
| Número Internacional Estándar del Libro | 9945-8535-0-3 |
| 040 ## - FUENTE DE CATALOGACIÓN | |
| Centro catalogador/agencia de origen | do-bauct |
| Lengua de catalogación | spa |
| Normas de descripción | aacr |
| 041 0# - CÓDIGO DE IDIOMA | |
| Código de lengua del texto/banda sonora o título independiente | spa |
| 082 0# - NÚMERO DE LA CLASIFICACIÓN DECIMAL DEWEY | |
| Número de clasificación | RD305.8 |
| Número de ítem | Se698a |
| 110 1# - ENTRADA PRINCIPAL--NOMBRE DE ENTIDAD CORPORATIVA | |
| Nombre de entidad corporativa o nombre de jurisdicción como elemento de entrada | Servicio Jesuita a Refugiados y Migrantes (SLRM) |
| 245 13 - MENCIÓN DEL TÍTULO | |
| Título | La actitud racial en República Dominicana |
| Mención de responsabilidad, etc. | Servicio Jesuita a Refugiados y Megrantes (SJRM). |
| 260 ## - PUBLICACIÓN, DISTRIBUCIÓN, ETC. | |
| Lugar de publicación, distribución, etc. | Santo D |
| Nombre del editor, distribuidor, etc. | Área de Comunicación y Publicaciones SJRM |
| Fecha de publicación, distribución, etc. | 2004 |
| -- | mingo, República Dominicana : |
| 300 ## - DESCRIPCIÓN FÍSICA | |
| Extensión | 196páginas ; |
| Dimensiones | 23cm |
| 336 ## - TIPO DE CONTENIDO | |
| Fuente | rdacontent |
| Término de tipo de contenido | texto |
| Código de tipo de contenido | txt |
| 337 ## - TIPO DE MEDIO | |
| Fuente | rdamedia |
| Nombre/término del tipo de medio | sin mediación |
| Código del tipo de medio | n |
| 338 ## - TIPO DE SOPORTE | |
| Fuente | rdacarrier |
| Nombre/término del tipo de soporte | volumen |
| Código del tipo de soporte | nc |
| 520 ## - RESUMEN, ETC. | |
| Sumario, etc. | Prólogo 14|Resumen ejecutivo 18|INTRODUCCION 25|Contexto 25|Aspectos metodológicos 25|Descripción de escenarios: Santo Domingo y Dajabón 34|Caracterización de actores-as 37|Productos de la investigación 41|Análisis e informe 41|ENFOQUE DE LA ACTITUD RACIAL EN EL MARCO DE LOS DERECHOS HUMANOS 42|¿Con qué derecho? 42|La raza en República Dominicana 46|Tres grupos migratorios 50|Declaración contra el racismo, la discriminación racial, la xenofobia y las formas conexas de intolerancia 56|Graves violaciones de los derechos humanos 58|Causas y víctimas del racismo (...) 60|Diversidad 63|Medidas 65|Convención Internacional sobre la Eliminación de todas las Formas de Discrimación Racial 67|Toda distinción 68|El Comité para la Eliminación de la Discriminación Racial 72|Conclusión 72|IDENTIDAD Y ACTITUD RACIAL 75|Perspectiva crítica sobre la identidad dominicana 76|Autodefinición etno-racial 84|Identidad racial y representación social 92|Percepción general de los grupos en torno a los valores 106|Posición frente a lo racial y actitudes racistas 106|Conclusión 122|ASPECTOS INSTITUCIONALES Y ACTITUD RACIAL 124|El racismo en el sistema escolar 124|El racismo y el currículo 130|Los(as) docentes 137|Las autoridades 142|Los(as) estudiantes 143|Educación y superación del racismo 147|El prejuicio racial en la familia. Elección de pareja 148|La estructura laboral 157|La Iglesia 159|La justicia y los cuerpos armados 160|Conclusión 166|EL PREJUICIO DOMINICANO HACIA LOS LAS HAITIANOS AS 168|El prejuicio dominicano hacia el-la haitiano-a 168 |
| 650 #4 - PUNTO DE ACCESO ADICIONAL DE MATERIA--TÉRMINO DE MATERIA | |
| Término de materia o nombre geográfico como elemento de entrada | Haitianos - |
| -- | Haitianos en República Dominicana |
| -- | Discriminación Racial - |
| Subdivisión general | República Dominicana |
| -- | Condiciones Sociales. |
| Estatus retirado | Estado de pérdida | Estado de daño | No para préstamo | Colección | Biblioteca de origen | Biblioteca actual | Fecha de adquisición | Total de préstamos | Signatura topográfica completa | Código de barras | Visto por última vez | Copia número | Precio de reemplazo | Tipo de ítem Koha |
|---|---|---|---|---|---|---|---|---|---|---|---|---|---|---|
| Acervo general de Libros | Biblioteca Central Mons. Favio M. Rivas S. | Biblioteca Central Mons. Favio M. Rivas S. | 20/11/2024 | RD305.8 | 000000012811 | 23/05/2025 | 1 | 23/05/2025 | Libros |
